| 000 | 00521nam a22001937a 4500 | ||
|---|---|---|---|
| 003 | OSt | ||
| 005 | 20140310181741.0 | ||
| 008 | 130323t xxu||||| |||| 00| 0 eng d | ||
| 020 | _a0736915982 | ||
| 050 |
_aBV 220 _b.OM54 1995 |
||
| 082 |
_aTR 248.32 _bOm1 c1995 |
||
| 245 |
_aThe power of a praying parent / _cStormie Omartian |
||
| 260 |
_aEugene, Oregon : _bHarvest House Publishers, _cc1995. |
||
| 300 |
_a223 p. ; _c21 cm. |
||
| 521 | _aFaculty | ||
| 541 | _j1 | ||
| 562 | _e1 | ||
| 942 |
_2lcc _cBK-TR _kTR |
||
| 999 |
_c2765 _d2765 |
||